000 00590nam a2200193Ia 4500
003 GCL
008 140319s9999 xx 000 0 ara d
040 _aGCL /
_cGCL
082 0 4 _a898
_bس ب
100 1 _aمحمد على اليوسفى (مترجم)
245 1 0 _aالبيت الكبير (رواية) /
_cمحمد على اليوسفى (مترجم)
700 1 _aسيبيداماموديو، الفارو
700 1 _aغابرييل غاريبا ماركيز
490 _a
650 0 4 _aالادب العربى
650 0 4 _aالادب
650 0 4 _aالقصة
942 _2ddc
_cBK
999 _c40653
_d40653